000 00524nam a2200169 i 4500
001 90767
003 ES-MaACL
005 20230906180545.0
007 t|
008 050124s1961 sp ||||1| spa d
100 1 _aLeclercq, Jacques.
_971094
245 1 0 _aDel Derecho Natural a la Sociología /
_cJacques Leclercq ; [versión española de José Angel de Juanes].
260 _aMadrid :
_bMorata,
_c[1961]
300 _a245 p. ;
_c19 cm.
700 1 _aJuanes, José Angel de.
_967148
852 _aES-MaACL
_jF-6288
_bR.48213
999 _c90767
_d90767